Európska istota pre Duklu Dukla Banská Bystrica - Artmedia Bratislava 2:1 (2:0)

Bibliographic Details
Format: Article
Language:Slovak
PhysicalDescription:Fotogr., tab.
ISSN:0139-7001
Subjects:

MARC

LEADER 00000nab a2200000 a 4500
001 vtls008154769
003 SK-MaSNL
005 20260303080537.0
008 050518c20050509xo dr|p|||||||000 b|slo
015 |a SNBRB2005/05  |2 snkbucl 
038 |a SNKBUCL 
040 |a SNKBUCL  |b slo  |c SNKBUCL  |e AACR2 
041 0 |a slo 
044 |a xo  |c SK 
080 |a 796.332.093.1  |x (437.6)  |2 UDC-MRF-SK2 
245 0 0 |a Európska istota pre Duklu  |b Dukla Banská Bystrica - Artmedia Bratislava 2:1 (2:0) 
300 |b Fotogr., tab. 
648 7 |a sezóna 2004/2005  |2 snkbucl  |9 848867 
650 0 7 |a futbal  |2 snkbucl  |9 3291 
650 0 7 |a Slovenský pohár  |2 snkbucl  |9 839689 
650 0 7 |a finále  |2 snkbucl  |9 861496 
773 0 |t Šport  |g Roč. 59, č. 106 (9.5.2005), s. 34  |x 0139-7001 
852 |a SNK  |b KIS3GCP 
999 |c 1780902  |d 1782832